Tesoro de la doctrina christiana (Record no. 8443)

MARC details
000 -CABECERA
campo de control de longitud fija 01960nam a2200277 a 4500
001 - NÚMERO DE CONTROL
campo de control BRCA_8792
005 - FECHA Y HORA DE LA ÚLTIMA TRANSACCIÓN
campo de control 20190320210419.0
008 - DATOS DE LONGITUD FIJA--INFORMACIÓN GENERAL
campo de control de longitud fija 190417s1727----sp-#######---#000-0#spa-#
041 ## - CÓDIGO DE LENGUA
Código de lengua del texto/banda sonora o título independiente spa
044 ## - CÓDIGO DEL PAÍS DE LA ENTIDAD EDITORA/PRODUCTORA
Código MARC del país sp
084 ## - OTRO NÚMERO DE CLASIFICACIÓN
Número de clasificación BE172
Número de documento/Ítem .B68 1727
100 1# - ENTRADA PRINCIPAL--NOMBRE DE PERSONA
Nombre de persona Bote, Pedro
9 (RLIN) 21918
245 10 - MENCIÓN DE TÍTULO
Título Tesoro de la doctrina christiana
Resto del título en el qual se forma de platicas espirituales, se explica lo que el christiano debe saber, y entender para saber bien orar, obrar, y creer: dividido en tres partes: segunda parte. en la qual se explican las tras virtudes teologales, fé, esperanza, y caridad: los siete sacramentos de la iglesia: los diez preceptos de decalgo: y los cinco mandamientos de la santa madre iglesia: tu mandasti mandat tua custodiri nimis
Mención de responsabilidad, etc. añadida, y enmendadapor su autor el hermano Pedro Bote...
260 ## - PUBLICACIÓN, DISTRIBUCIÓN, ETC.
Lugar de publicación, distribución, etc. Madrid
Nombre del editor, distribuidor, etc. Por Bernardo Peralta
Fecha de publicación, distribución, etc. 1727
300 ## - DESCRIPCIÓN FÍSICA
Extensión [2], [3], 419 p.
Dimensiones 20.6 x 15 cm.
500 ## - NOTA GENERAL
Nota general Con privilegio
500 ## - NOTA GENERAL
Nota general En portada: Dedicada al excelentissimo señor D. Rodrigo Annès, Sà, Almeyda, y Meneses, Marqués de Abrahantes, &c.
500 ## - NOTA GENERAL
Nota general Estado físico: presenta encuadernación en pergamino, con lomo semi desprendido, algunas hojas manchadas y cintas rotas
500 ## - NOTA GENERAL
Nota general Con marca de fuego: “Procedencia de la marca: Convento de San Francisco de Querétaro(1). Institución: Orden de Frailes Menores. Provincia de San Pedro y San Pablo de Michoacán. Descripción: Monograma conformado por las letras iniciales S[an] F[rancisco] D[e] Q[uerétar]o. Observaciones: David Saavedra la asigna a la Academia de Dibujo de San Fernando de Querétaro. Ubicación de la marca en el libro: Canto superior e inferior”
650 14 - PUNTO DE ACCESO ADICIONAL DE MATERIA--TÉRMINO DE MATERIA
Término de materia o nombre geográfico como elemento de entrada Pastoral
9 (RLIN) 21919
650 14 - PUNTO DE ACCESO ADICIONAL DE MATERIA--TÉRMINO DE MATERIA
Término de materia o nombre geográfico como elemento de entrada Teología
Subdivisión cronológica S. XVIII
9 (RLIN) 21920
700 1# - PUNTO DE ACCESO ADICIONAL--NOMBRE DE PERSONA
Nombre de persona peralta, Bernardo
Término indicativo de función/relación Impresor
9 (RLIN) 21921
856 ## - LOCALIZACIÓN Y ACCESO ELECTRÓNICOS
Nombre del host http://www.marcasdefuego.buap.mx:8180/xmLibris/projects/firebrand/item.jsp?repository=marcas_de_fuego&key=520e29d1.xml&num=16
902 ## - CATALOGADOR
Iniciales CFM
942 ## - ELEMENTOS DE PUNTO DE ACCESO ADICIONAL (KOHA)
Fuente del sistema de clasificación o colocación Library of Congress Classification
Tipo de ítem Koha Libros
Holdings
Estado de retiro Estado de pérdida Estado dañado No para préstamo Localización permanente Ubicación/localización actual Fecha de adquisición Total de préstamos Signatura topográfica completa Código de barras Fecha visto por última vez Precio válido a partir de Tipo de ítem Koha
El ejemplar forma parte de la colección y puede ser consultado según las políticas vigentes.       Biblioteca del Museo Franz Mayer (Rogerio Casas-Alatriste) Biblioteca del Museo Franz Mayer (Rogerio Casas-Alatriste) 19/04/2017   BE172 .B68 1727 CFM00119 22/03/2019 22/03/2019 Libros